000
00290nam a2200109 a 4500
001
000001949
005
20200929145753.0
008
090630s2004 000 spa d
245
0
_a
Esculturas universales : obras maestras de los grandes artistas.
260
_a
Guatemala.
999
_c
1815
_d
1815
040
_a
DO-SdBNP